Ομιλία προς τους νέους : όπως αν εξ ελληνικών ωφέλοιντο λόγων

Αποθηκεύτηκε σε:
Λεπτομέρειες βιβλιογραφικής εγγραφής
Κύριος συγγραφέας: Βασίλειος ο Μέγας, 330-378
Άλλοι συγγραφείς: Στάμος, Παναγιώτης Γ. (Επιμελητής έκδοσης)
Μορφή: Βιβλίο
Γλώσσα:Greek
Ancient Greek
Δημοσίευση: Αθήναι : [χ.ό.], 1966
Έκδοση:2η έκδ.
Θέματα:
Ετικέτες: Προσθήκη ετικέτας
Δεν υπάρχουν, Καταχωρήστε ετικέτα πρώτοι!

MARC

LEADER 00000cam a2200000 i 4500
001 1/87605
008 051018s1966 gr | ||| |||| ||gre||
035 |l 10080865 
040 |a GR-MY-UA  |b gre  |e aacr 
041 0 |a gre  |h grc 
082 0 |a 100  |2 (22) 
100 0 |a Βασίλειος ο Μέγας,   |d 330-378. 
245 1 0 |a Ομιλία προς τους νέους :  |b όπως αν εξ ελληνικών ωφέλοιντο λόγων /  |c Βασιλείου του Μεγάλου ; εισαγωγή - κείμενον - μετάφρασις - σχόλια Παναγιώτου Γ. Στάμου 
250 |a 2η έκδ. 
260 |a Αθήναι :   |b [χ.ό.],   |c 1966 
300 |a 46 σ.;  |c 21 εκ. 
500 |a Με: Uber die Ursprunglichkeit der Wissenschaft / Hans Georg Gadamer. - Το μηδέν και το άριστα / Χάρη Καρρά. - Σχέσεις εκκλησίας και πολιτείας εξ επόψεως ορθοδόξου / Παναγιώτου Χ. Δημητροπούλου. - Το διεθνές συνέδριον επί της χριστιανικής δράσεως εν τη ταχεία κοινωνική αλλαγή / Ιωάννου Ορ. Καλογήρου. - Η κίνησις "una sancta" κατά παλαιοκαθολικήν θεώρησιν / Ιωάννου Ορ. Καλογήρου. - Βάκων, Καρτέσιος, Σπινόζας / Ιωάννου Αρνέλλου. - Το προπατορικόν αμάρτημα / Κωνστ. Ε. Παπαπέτρου. - Λόγος ενθρονιστήριος / Ιερωνύμου. - Το ισραήλ / Χρ. Ευελπίδη. - Σκέψεις για τις σημερινές ανάγκες της επιμορφώσεως των ενηλίκων / Θ. Χαραλαμπίδη . - Ομιλία εις ευτρόπιον / Ιωάννου του Χρυσοστόμου. - Ομιλία εις ευτρόπιον ύπατον / Ιωάννου του Χρυσοστόμου. - Προσέξτε την υγεία σας / Υπουργείον Κοινωνικής Πρόνοιας. - Ο αντίχριστος / Φρειδερίκου Νίτσε. - Στοιχεία δικαίου ιθαγένειας / Χρήστου Ι. Πίννη. - Προς τας εκπαιδευτικάς αρχάς του κράτους / Υπουργείον Εθνικής Παιδείας και Θρησκευμάτων. - Το παραστρατημένο παιδί / Ελπινίκης Σταματάκη. - Ο θεός εν τη επιστήμη / Ιωάννου Γ. Αρνέλλου 
500 |a Έκδοσις δευτέρα βελτιωμένη 
600 0 0 |a Βασίλειος ο Μέγας,   |d 330-378. 
650 0 0 |a Speech. 
700 1 |a Στάμος, Παναγιώτης Γ.  |4 edt 
852 |a INST  |b RHODES  |c KRI  |e 20051018  |h  100 GAD  |p 005400027552  |q 005400027552  |t BK  |y 0 
901 |a BIBL4-2005-3 
909 |a Ρ  |b 122317 
970 |a ΚΟΖΑ  |b ΜΑΡΙΑ  |z 2005/10/18